000 02142nam a2200613 a 4500
001 20082
003 VRT
005 20260115152521.0
008 240313s2011 xo g 000 j slo
015 _aSNBA2012/02-00617
020 _a9788055127088
_q(viaz.)
035 _aDD8763C8-E1BF-443D-9503-6367EA721FC8
035 _aurn:nbn:sk:snk-amjiot
035 _aurn:nbn:sk:snk-am001wpe
039 9 _a202403251249
_bAUTHORITY
_c202403131716
_dVLOAD
_c202201241036
_dAUTHORITY
_c201508271405
_dVLOAD
040 _aSVKBB
_bslo
_cSVKBB
_dSNK
_eAACR2
041 0 _aslo
_heng
044 _axo
_cSK
072 7 _a159.96
_xZvláštne duševne stavy a procesy
_2konspekt
072 7 _a133
_xEzoterizmus. Okultizmus
_2konspekt
080 _a2-167
_22001
080 _a821.111(73)-32
_22001
080 _a133
_22001
080 _a2-186
_22001
080 _a001.94
_22001
100 1 _aDenning, Hazel M.
_4aut
240 1 0 _aTrue hauntings
_lSlovensky
245 1 0 _aDuchovia medzi nami
_cHazel M. Denningová ; [z anglického originálu preložil Štefan Kočiš]
250 _a2. vyd.
260 _aBratislava
_bIkar
_c2011
300 _a246 s.
_c21 cm
650 0 7 _aduchovia
_2SNKPH
650 0 7 _aSupernatural beigns
_2SNKPHeng
650 0 7 _aGhosts
_2SNKPHeng
650 0 7 _aParapsychology
_2SNKPHeng
650 0 7 _azosnulí
_2SNKPH
650 0 7 _anevysvetliteľné javy
_2SNKPH
650 0 7 _anadprirodzené bytosti
_2SNKPH
650 0 7 _aDead
_2SNKPHeng
650 0 7 _aparapsychológia
_2SNKPH
655 7 _aamerické príbehy
_2SNKPH
655 7 _aAmerican stories
_2SNKPHeng
700 1 _aKočiš, Štefan
_c(prekladateľ)
_4trl
942 _2ddc
_cOLDO
_n0
949 _617A0718489
_asnkSD 80453
_bsnk2011/19863
_o2098/11
949 _6270001000385355
_asvkbbA 132394
_bsvkbbm 720867
949 _617A0720203
_asnkSD 80453 D1
_bsnk2011/20621
_o2098/11
_s6100:20210923
949 _62889177453
_asavukPV 15688
_bsavuk2011/5485
949 _6273K0549379
_asvkpoA 215051
_bsvkpo553976
949 _6273K0619653
_asvkpoA 235557
_bsvkpo616543
980 _a821.111(73)-32
980 _a133
999 _c20082
_d20082